000 00277nam a2200133Ia 4500
008 240624s9999 xx 000 0 und d
041 _aeng
082 _a823 BOM
100 _aBOMBECK ERMA
245 _aAT WIT S END
260 _c1986
300 _a224 : p.
365 _c
_b26
999 _c22869
_d22869